Health care ethics : lessons from intensive care /

This text examines the way ethical dilemmas are played out in everyday clinical practice and argues for an approach to ethical decision making which focuses more patient needs than competing professional interests.

Bibliographic Details
Main Author: Melia, Kath M.
Corporate Author: Sage Publications
Format: eBook
Language:English
Published: London : SAGE, 2004.
Subjects:
Online Access:Connect to the full text of this electronic book

MARC

Tag First Indicator Second Indicator Subfields
LEADER 00000nam a2200000 a 4500
001 in00004756021
006 m|||||o||d||||||||
007 cr |||||||||||
008 120405s2004 enk fo| 001|0|eng d
005 20231120173817.2
020 |a 9781446220870 (ebook) :  |c No price 
035 |a (OCoLC)1007858616 
035 |a (StDuBDS)EDZ0000067607 
040 |a StDuBDS  |b eng  |c StDuBDS  |e pn 
050 4 |a R724 
082 0 4 |a 174.2  |2 23 
100 1 |a Melia, Kath M. 
245 1 0 |a Health care ethics :  |b lessons from intensive care /  |c Kath Melia. 
260 |a London :  |b SAGE,  |c 2004. 
300 |a 1 online resource (152 pages) 
336 |a text  |b txt  |2 rdacontent 
337 |a computer  |b c  |2 rdamedia 
338 |a online resource  |b cr  |2 rdacarrier 
504 |a Includes bibliographical references and index. 
520 8 |a This text examines the way ethical dilemmas are played out in everyday clinical practice and argues for an approach to ethical decision making which focuses more patient needs than competing professional interests. 
521 |a Specialized. 
588 |a Description based on print version record. 
650 0 |a Medical ethics. 
655 7 |a Electronic books.  |2 local 
710 2 |a Sage Publications. 
776 0 8 |i Print version :  |z 9780761971450 
856 4 0 |u http://proxy.library.tamu.edu/login?url=https://sk.sagepub.com/books/health-care-ethics  |z Connect to the full text of this electronic book  |t 0 
955 |a SAGE Knowledge 
999 f f |s c1b52735-5bba-4f92-8254-7dfae7dd8ac4  |i 32589675-db3e-46d6-81d9-85dca74dbd98  |t 0 
952 f f |a Texas A&M University  |b College Station  |c Electronic Resources  |d Available Online  |t 0  |e R724   |h Library of Congress classification 
998 f f |a R724   |t 0  |l Available Online